| 000 | 01428nam a22003017a 4500 | ||
|---|---|---|---|
| 003 | dpl | ||
| 005 | 20180908131843.0 | ||
| 008 | 180908b xxu||||| |||| 00| 0 eng d | ||
| 010 | _aA-987076 | ||
| 020 | _c125.00 | ||
| 035 | _aA-987076, A-987102 | ||
| 037 | _bCen Lib/Ret | ||
| 040 |
_aDPL _bHN _c0 |
||
| 082 |
_aउ _bभट्टाचा |
||
| 100 |
_aभट्टाचार्य, बीरेन्द्र कुमार _974685 |
||
| 245 |
_aपाखी घोड़ा / _cबीरेन्द्र कुमार भट्टाचार्य ; अनुवादक महेन्द्रनाथ दुबे |
||
| 246 |
_aPakhi ghoda / _bby Birendranath Kumar Bhattacharya ; anuvadak Mahendranath Dubey |
||
| 250 | _aदूसरा संस्करण | ||
| 260 |
_aनयी दिल्ली _bभारतीय ज्ञानपीठ _c1998 |
||
| 270 |
_a18, इंस्टीट्यूशनल एरिया, लोदी रोड _bनयी दिल्ली _e110003 |
||
| 300 |
_a427पृ. _c20सेमी(सजिल्द) |
||
| 650 |
_aहिन्दी साहित्य _974686 |
||
| 650 |
_aहिन्दी -- उपन्यास _974687 |
||
| 650 |
_aHindi literature _974688 |
||
| 650 |
_aHindi -- Fiction _927248 |
||
| 700 |
_aदुबे, महेन्द्रनाथ _945637 |
||
| 942 |
_2ddc _cHN _hउ _mभट्टाचा |
||
| 999 |
_c117452 _d117452 |
||